Pays écrits avec un clavier de Téléphone - Statistiques

Statistiques générales
  • Ce quiz a été pris 207 fois
  • Le résultat moyen est 11 sur 12
Statistiques - réponses
Pays Codé Pays % Correct
333-777-2-66-222-33 France
100%
2-555-555-33-6-2-4-66-33 Allemagne
98%
2-88-7777-8-777-2-555-444-33 Australie
98%
22-777-33-7777-444-555 Brésil
97%
7777-88-444-7777-7777-33 Suisse
97%
5-2-7-666-66 Japon
96%
33-8-2-8-7777-88-66-444-7777 États-Unis
93%
444-777-555-2-66-3-33 Irlande
92%
6-2-777-666-222 Maroc
92%
444-66-3-666-66-33-7777-444-33 Indonésie
89%
8-88-777-77-88-444-33 Turquie
85%
22-88-555-4-2-777-444-33 Bulgarie
83%
Aucun quiz correspondant
Distribution des résultats
% des personnes avec chaque résultat
Percentile par nombre de réponses
Votre historique - résultats
Vous n’avez pas pris ce quiz